Tv and Radio tube troubles /
Guardat en:
| Autor principal: | |
|---|---|
| Format: | Llibre |
| Idioma: | Vietnamese |
| Publicat: |
New York :
Gernsback library,Inc ,
1958
|
| Edició: | In lần thứ 1 |
| Matèries: | |
| Etiquetes: |
Afegir etiqueta
Sense etiquetes, Sigues el primer a etiquetar aquest registre!
|
| Thư viện lưu trữ: | Thư viện Trường CĐ Kỹ Thuật Cao Thắng |
|---|
| LEADER | 00761nam a2200253 a 4500 | ||
|---|---|---|---|
| 001 | TVCDKTCT426 | ||
| 003 | Thư viện trường Cao đẳng Kỹ thuật Cao Thắng | ||
| 005 | 20170529135603.4 | ||
| 008 | 050802 | ||
| 980 | \ | \ | |a Thư viện Trường CĐ Kỹ Thuật Cao Thắng |
| 024 | |a RG_1 #1 eb0 i1 | ||
| 041 | 0 | # | |a vie |
| 082 | # | # | |a 537 / |b S400L-t |
| 100 | 1 | # | |a Heller Sol |
| 245 | 0 | 0 | |a Tv and Radio tube troubles / |c Heller Sol |
| 250 | # | # | |a In lần thứ 1 |
| 260 | # | # | |a New York : |b Gernsback library,Inc , |c 1958 |
| 300 | # | # | |a 224tr. ; |c 24cm |
| 650 | # | 4 | |a Điện |
| 650 | # | 4 | |a Điện tử |
| 650 | # | 4 | |a Tivi-Radio |
| 721 | # | # | |a CNKT Điện |
| 721 | # | # | |a CNKT Điện tử |
| 841 | # | # | |b Kho Sách |j 100006403, 100006404 |